000 00512nam a2200181Ia 4500
003 IN-BaIIA
008 211028s9999 xx 000 0 eng d
020 _a978-0-393-35137-8
040 _cIIA Library
080 _a524.5
_bTHO
100 _aThorne, Kip
_937060
245 4 _aThe science of interstellar
_cKip Thorne
260 _aNew York
_bW. W Norton
_c2014
300 _ax, 324p.
650 _aInterstellar
_937061
650 _aScience
_91299
942 _cBK
999 _c19381
_d19381